| 000 | 00546nam a22001577a 4500 | ||
|---|---|---|---|
| 003 | PILC | ||
| 005 | 20150112093442.0 | ||
| 008 | 130226t xxu||||| |||| 00| 0 eng d | ||
| 050 |
_aDS 686.5 _b.P43 1986 |
||
| 082 |
_aSFf 959.9046 _bP39 1986 |
||
| 100 |
_aMercado, Monina Allarey, editor _919667 |
||
| 245 |
_aAn eyewitness history People power : _cMonina AllareyMercado, editor _bthe Philippine revolution of 1986 / |
||
| 260 |
_aManila _bJames Reuter, S.J. Foundation _c1986. |
||
| 300 |
_a320 pages : _c28 cm. _billustration ; |
||
| 942 |
_2lcc _cBK |
||
| 999 |
_c14779 _d14779 |
||